| 000 | 00785nam a22001937a 4500 | ||
|---|---|---|---|
| 008 | 110109r19961997enk|||||r|||| 001 0 eng d | ||
| 020 | _a1856042634 | ||
| 082 |
_a025.524 _bOWE |
||
| 245 |
_aSuccess at the Enquiry Desk : _bSuccessful enquiry answering - every time / _cTim Owen |
||
| 250 | _aRev. ed. | ||
| 260 |
_aLondon : _bLibrary Association Pub., 1997 _c1997 |
||
| 300 |
_a84 p. ; _c22 cm. |
||
| 490 |
_921744 _aThe Successful LIS Professional |
||
| 504 | _aIncludes bibliography p.73-81 and index | ||
| 541 | _aMrs. Sue Dodd ; | ||
| 650 |
_921745 _aReference services (Libraries) _zGreat Britain |
||
| 942 |
_2ddc _cBB |
||
| 999 |
_c14886 _d14886 |
||